<?xml version="1.0" encoding="UTF-8"?>
<record
    xmlns:xsi="http://www.w3.org/2001/XMLSchema-instance"
    xsi:schemaLocation="http://www.loc.gov/MARC21/slim http://www.loc.gov/standards/marcxml/schema/MARC21slim.xsd"
    xmlns="http://www.loc.gov/MARC21/slim">

  <leader>04115nam a2200445 a 4500</leader>
  <controlfield tag="001">dia_6239</controlfield>
  <controlfield tag="003">CHAP</controlfield>
  <controlfield tag="005">20250624183746.0</controlfield>
  <controlfield tag="007">ta</controlfield>
  <controlfield tag="008">220117s1972    -usado fr     001 0 eng d</controlfield>
  <datafield tag="010" ind1=" " ind2=" ">
    <subfield code="a">177480</subfield>
  </datafield>
  <datafield tag="020" ind1=" " ind2=" ">
    <subfield code="a">0-8247-1780-5</subfield>
  </datafield>
  <datafield tag="040" ind1=" " ind2=" ">
    <subfield code="c">CHAP</subfield>
    <subfield code="a">mxchpua</subfield>
    <subfield code="e">rda</subfield>
  </datafield>
  <datafield tag="041" ind1=" " ind2=" ">
    <subfield code="a">eng</subfield>
    <subfield code="b">eng</subfield>
    <subfield code="f">eng</subfield>
    <subfield code="h">eng</subfield>
  </datafield>
  <datafield tag="050" ind1="1" ind2=" ">
    <subfield code="a">QP601</subfield>
    <subfield code="b">.W45 1972</subfield>
  </datafield>
  <datafield tag="082" ind1=" " ind2=" ">
    <subfield code="2">20</subfield>
    <subfield code="a">612.0151 </subfield>
    <subfield code="b">W45 1972</subfield>
  </datafield>
  <datafield tag="100" ind1="1" ind2=" ">
    <subfield code="a">Whitaker, John R.</subfield>
    <subfield code="9">121665</subfield>
  </datafield>
  <datafield tag="245" ind1="1" ind2="0">
    <subfield code="a">Principles of enzymology for the food sciences / </subfield>
    <subfield code="c">John R. Whitaker</subfield>
  </datafield>
  <datafield tag="250" ind1=" " ind2=" ">
    <subfield code="a">1a edici&#xF3;n</subfield>
  </datafield>
  <datafield tag="264" ind1=" " ind2=" ">
    <subfield code="a">Estados Unidos de Am&#xE9;rica :</subfield>
    <subfield code="b">M. Dekker,</subfield>
    <subfield code="c">1972</subfield>
  </datafield>
  <datafield tag="300" ind1=" " ind2=" ">
    <subfield code="a">xiv, 636 p&#xE1;ginas :</subfield>
    <subfield code="b">ilustraciones, gr&#xE1;ficas, tablas, fotos</subfield>
  </datafield>
  <datafield tag="336" ind1=" " ind2=" ">
    <subfield code="2">rdacontent</subfield>
    <subfield code="a">texto</subfield>
    <subfield code="b">txt</subfield>
  </datafield>
  <datafield tag="337" ind1=" " ind2=" ">
    <subfield code="2">rdamedia</subfield>
    <subfield code="a">no mediado</subfield>
    <subfield code="b">n</subfield>
  </datafield>
  <datafield tag="338" ind1=" " ind2=" ">
    <subfield code="2">rdacarrier</subfield>
    <subfield code="a">volumen</subfield>
    <subfield code="b">nc</subfield>
  </datafield>
  <datafield tag="490" ind1="1" ind2=" ">
    <subfield code="a">Food Science</subfield>
    <subfield code="v">v. 2</subfield>
  </datafield>
  <datafield tag="504" ind1=" " ind2=" ">
    <subfield code="a">Incluye bibliograf&#xED;as</subfield>
  </datafield>
  <datafield tag="505" ind1="0" ind2=" ">
    <subfield code="a">Preface --
1. Introduction --
2. The protein nature of enzymes --
3. Enzyme purification --
4. Active sites and factors responsible for enzyme catalysis --
5. Rates of reactions --
6. Effect of sybstrate concentration on rates of enzyme-catalyzed reactions --
7. Enzyme concentration and its effect on rate of enzyme-catalyzed reactions --
8. Kinetic consequences of enzyme inhibition --
9. Enzime inhibitors --
10. Effect on ph on rates of enzyme-catalyzed reactions --
11. Effect of temperature on enzyme-catalyzed reactions --
12. Ordinary and limited proteolysis --
13. Enzime cofactors -- 
14. Classification and nomenclature of enzimes --
INTRODUCTION TO HYDROLASES --
15. The glycoside hydrolases --
16. Pectic enzymes --
17. The esterases --
18. Enzymes involved in degradation of nucleic acids --
19. The proteolytic enzimes --
INTRODUCTION TO THE OXIDOREDUCTASES --
20. Lactate dehydrogenase --
21. Glucose oxidase --
22. Polyphenol oxidase --
23. Xanthine oxiodase --
24. Catalase and peroxidase --
25. Lipoxygenase (Lipo xidase) --
Index</subfield>
  </datafield>
  <datafield tag="520" ind1="2" ind2=" ">
    <subfield code="a">Now, as never before, emphasis is being placed on finding solutions to the problems of feeding the teeming muititudes . Involved in a solution of these problems are needs for higher yielding varieties and species, better storage and processing methods, better distribution methods and the means of adecuately meeting the nutritional requirements of a variant population. Enzymes are of central importance in the complicated sequence of events leading iron the growth, maturation, storage and processing of raw materials to their consumption by man as foods in order to supply his nutritional requirements. Application of a fundamental knowledge of the nature these catalysts , which make all life possible, will lead to improvement at all levels of the food chain. The author had several reasons for undertaking the arduous and challenging task of writing this book. These reasons include the following: first and foremost was the desire to encourage everyone working in the food sciences to become better acquainted with the fundamental principles of enzymology; secondly was the desire to encourage the teaching of enzymology in the food sciences by providing a textbook ; thirdly, the need to provide e textbook for the author in teaching his own students; and last there is a personal satisfaction in having stated in a permanent record those fundamental aspects of enzymology which the author holds so dear. This book is based on mater&#xED;al presented in a one quarter, four unit course entitled "'An Introduction to Enzymology'" given by the author in Food Science and Technology since 1958. The course consists of three lectures and one laboratory session per week.&#xA0;</subfield>
  </datafield>
  <datafield tag="650" ind1="1" ind2=" ">
    <subfield code="a">Ciencia de la nutrici&#xF3;n  </subfield>
    <subfield code="9">153352</subfield>
    <subfield code="2">atg</subfield>
  </datafield>
  <datafield tag="650" ind1="1" ind2="3">
    <subfield code="a">Enzimas  </subfield>
    <subfield code="9">37195</subfield>
    <subfield code="2">atg</subfield>
  </datafield>
  <datafield tag="650" ind1="1" ind2="3">
    <subfield code="a">Enzimolog&#xED;a  </subfield>
    <subfield code="9">161322</subfield>
    <subfield code="2">atg</subfield>
  </datafield>
  <datafield tag="650" ind1="1" ind2="3">
    <subfield code="a">Enzymes  </subfield>
    <subfield code="9">153399</subfield>
    <subfield code="2">atg</subfield>
  </datafield>
  <datafield tag="650" ind1="1" ind2="3">
    <subfield code="a">Enzymology  </subfield>
    <subfield code="9">161323</subfield>
    <subfield code="2">atg</subfield>
  </datafield>
  <datafield tag="650" ind1="1" ind2="3">
    <subfield code="a">Food science</subfield>
    <subfield code="9">153353</subfield>
    <subfield code="2">atg</subfield>
  </datafield>
  <datafield tag="830" ind1=" " ind2=" ">
    <subfield code="a">Food Science</subfield>
    <subfield code="9">42196</subfield>
    <subfield code="v">v. 2</subfield>
  </datafield>
  <datafield tag="901" ind1=" " ind2=" ">
    <subfield code="a">612.0151 W45 1972</subfield>
  </datafield>
  <datafield tag="902" ind1=" " ind2=" ">
    <subfield code="a">A</subfield>
  </datafield>
  <datafield tag="905" ind1=" " ind2=" ">
    <subfield code="a">5232271972                          -usamn 8222223322eng16</subfield>
  </datafield>
  <datafield tag="942" ind1=" " ind2=" ">
    <subfield code="c">LIBRO</subfield>
    <subfield code="2">ddc</subfield>
  </datafield>
  <datafield tag="999" ind1=" " ind2=" ">
    <subfield code="c">177480</subfield>
    <subfield code="d">177480</subfield>
  </datafield>
  <datafield tag="952" ind1=" " ind2=" ">
    <subfield code="0">0</subfield>
    <subfield code="1">0</subfield>
    <subfield code="2">ddc</subfield>
    <subfield code="4">0</subfield>
    <subfield code="5">1</subfield>
    <subfield code="7">0</subfield>
    <subfield code="8">GRAL</subfield>
    <subfield code="a">IA_</subfield>
    <subfield code="b">IA_</subfield>
    <subfield code="e">Compra</subfield>
    <subfield code="l">0</subfield>
    <subfield code="o">612.0151 W45 1972</subfield>
    <subfield code="p">1102004989</subfield>
    <subfield code="r">2022-01-18 00:00:00</subfield>
    <subfield code="t">Ej. 1</subfield>
    <subfield code="y">LIBRO</subfield>
  </datafield>
</record>
